Statistics for Logos by Picture: 100 Alphabetical order

Click here to take the quiz!

General Stats

  • This quiz has been taken 84 times
  • The average score is 57 of 100

Answer Stats

Answer% Correct
Adidas
95%
Amazon
89%
Apple
89%
Android
85%
Dominos
84%
Firefox
82%
Google
82%
McDonald's
82%
Netflix
82%
Twitter
82%
Batman
81%
Honda
81%
Nike
81%
Pepsi
81%
Puma
81%
Starbucks
81%
Taco Bell
81%
Wikipedia
81%
Windows
81%
Instagram
79%
Jetpunk
79%
Monster
79%
Snapchat
79%
Tesla
79%
Audi
78%
Kentucky Fried Chicken
78%
Playstation
78%
Shell
78%
Target
78%
Wendy's
78%
Toyota
77%
Youtube
77%
Gmail
75%
Google Chrome
75%
Mastercard
75%
Monopoly
75%
Volkswagen
75%
BP
74%
Jaguar
74%
Tiktok
74%
Beats
71%
Mercedes
71%
Skype
71%
Olympics
70%
Safari
70%
Google Maps
67%
NBC
67%
New Balance
67%
Dove
64%
I Tunes
64%
Mazda
64%
Under Armour
64%
Dolby
63%
Google Drive
63%
Subaru
63%
Adobe
60%
Settings
60%
App Store
59%
Mitsubishi
59%
Zoom
59%
Atari
58%
Chili's
58%
Ferrari
56%
Google Docs
56%
New York Yankees
55%
Firestone
53%
I Cloud
53%
United Nations
51%
Google Classroom
48%
Photos
48%
Google Sheets
45%
Minnesota Vikings
42%
Toblerone
41%
Buffalo Bills
40%
Formula 1
40%
Google Slides
40%
Bank of America
38%
Philadelphia Eagles
37%
Google Meet
36%
Jimmy Johns
36%
Yamaha
36%
World Wildlife Fund
33%
Delta
30%
Los Angeles Rams
29%
Xerox
25%
Popeyes
22%
San Francisco Giants
21%
Kansas City Royals
19%
Finder
15%
Python
14%
Pages
12%
Blender
10%
Terminal
8%
Leonidas
5%
Cub Foods
4%
Petro China
4%
Adobe Illistrator
3%
Elife
3%
FL Studios
3%
Lunds and byerlys
3%

Score Distribution

Percentile by Number Answered

Percent of People with Each Score

Your Score History

You have not taken this quiz